00417nam a2200145Ia 4500008004100000020001500041041001200056082001100068100001400079245008300093260006000176300000900236650001400245700001200259221030s9999 xx 000 0 und d a0230634699 aEnglish a105.23 aJ. Ranjan 0aInternational Conference on Data Management ICDM - 2008cby J. Ranjan, P. Garg bInst. of Mgt. Tech., gahaziabad, MacmillanaDelhic2008 a1468 aComputers aP. Garg